000 01112cam a22002891 4500
001 hew67000108
003 DLC
005 20260227111516.0
008 820217s1967 dcu f000 0 eng c
010 _ahew67000108
035 _a(OCoLC)8161608
040 _aU.S. Dept. of Health, Education, and Welfare. Library
_cGAuA
_dDLC
042 _apremarc
043 _an-us---
050 0 0 _aL112
_b.A264
110 1 _aUnited States.
_bOffice of Education.
245 1 0 _aExcellence in design,
_ba new potential on the American campus: the 1966 awards program,
_csponsored by Office of Education, U.S. Dept. of Health, Education, and Welfare, the American Institute of Architects [and] Educational Facilities Laboratories.
260 _a[Washington,
_c1967]
300 _aiv, 17 p.
_c22 cm.
500 _a"OE-51014."
500 _aIncludes five addresses and a list of the awards.
650 0 _aCollege buildings
_zUnited States.
650 0 _aArchitecture
_vDesigns and plans.
650 0 _aCampus planning.
710 2 _aAmerican Institute of Architects.
710 2 _aEducational Facilities Laboratories.
999 _c34708
_d34708